| 000 | 01140nam a22003017a 4500 | ||
|---|---|---|---|
| 003 | EG-ScBUE | ||
| 005 | 20220720110023.0 | ||
| 008 | 220720s1997 ua f bfff 000 0 ara d | ||
| 017 | _a1997 / 369 | ||
| 020 | _a9772703270 | ||
| 020 | _a9772703270004 | ||
| 040 |
_aEG-ScBUE _bara _erda _cEG-ScBUE _dEG-ScBUE |
||
| 082 | 0 | 4 |
_222 _a020 _bخ ل ي |
| 100 | 1 |
_aخليفة، شعبان عبد العزيز، _eمؤلف. |
|
| 245 | 1 | 2 |
_aالمحاورات فى مناهج البحث فى علم المكتبات و المعلومات / _cالدكتور شعبان عبد العزيز خليفة. |
| 250 | _aالطبعة السادسة. | ||
| 264 | 1 |
_aالقاهرة : _bالدار المصرية اللبنانية، _c1997. |
|
| 300 |
_a367 صفحة ؛ _c24 سم |
||
| 336 |
_2rdacontent _aنص _btxt |
||
| 337 |
_2rdamedia _aبدون وسيط _bn |
||
| 338 |
_2rdacarrier _aمجلد _bnc |
||
| 504 | _aيشتمل على إرجاعات ببليوجرافية. | ||
| 541 |
_cإهداء ؛ _aطارق محرم. |
||
| 650 | 7 |
_aالمكتبات، علم. _2BUEsh |
|
| 653 | _bGGEN | ||
| 655 |
_vReading book _934232 |
||
| 942 | _2ddc | ||
| 999 |
_c29896 _d29867 |
||